Slavs: True or False - Statistics

General Stats
  • This quiz has been taken 37 times
  • The average score is 8 of 10
Answer Stats
Question Answer % Correct
All the Slavic nations was a part of the USSR False
100%
'Yugoslavia' literally means 'the land of the South Slavs' True
100%
All the Slavic languages use the Cyrillic alphabet False
91%
Slavic languages are a branch of Indo-European languages True
91%
Zeus is a Greek equivalent of the Slavic god Perun True
91%
Interslavic is a language created to be understandable to most of the Slavs True
73%
'The Witcher' is mainly based on the Slavic Mythology True
73%
The etymology of the word "Slavic" comes from the word "slave" False
55%
The idea of communism (in modern understanding) was coined by Slavs False
55%
Berlin was founded by the Slavs True
45%
No matching quizzes found
Score Distribution
Percent of People with Each Score
Percentile by Number Answered
Your Score History
You have not taken this quiz